000 00283nam a2200121Ia 4500
008 191201s2008 xx 000 0 und d
100 _aPRICE, Jason
245 0 _aOracle Database 11g SQL
260 _aN. Delhi
_bTMH
_c2008
300 _a665
650 _aB.Tech(CSE)
942 _2ddc
_cBK
999 _c6641
_d6641